On the Brain Competition Policies in the United States and the European Union

Znalostná ekonomika podporuje vznik nového typu politiky, ktorého cieľom je prilákať vysokokvalifikovanú pracovnú silu s cieľom zabezpečiť hospodárky rast. Takzvaná politika súťaže v oblasti mozgov sa týka príťažlivosti, vzdelania a obehu talentov v rámci ekonomík a medzi nimi. Politika má pravdepod...

Description complète

Enregistré dans:
Détails bibliographiques
Auteur principal: Puškárová, Paula, 1985-
Format: Chapitre de livre
Langue:anglais
Sujets:
Tags: Ajouter un tag
Pas de tags, Soyez le premier à ajouter un tag!

MARC

LEADER 00000naa a2200000 4500
001 0236073
005 20240502073822.9
041 0 |a eng 
044 |a SK 
245 1 0 |a On the Brain Competition Policies in the United States and the European Union  |c Paula Puškárová 
520 |a Znalostná ekonomika podporuje vznik nového typu politiky, ktorého cieľom je prilákať vysokokvalifikovanú pracovnú silu s cieľom zabezpečiť hospodárky rast. Takzvaná politika súťaže v oblasti mozgov sa týka príťažlivosti, vzdelania a obehu talentov v rámci ekonomík a medzi nimi. Politika má pravdepodobne svoje korene v Spojených štátoch, kde bol prijatý jeden z prvých zákonov, ktoré uprednostňujú vysoko kvalifikovaných pracovníkov, a kde bol zaznamenaný najvyšší prílev vysokokvalifikovanej pracovnej sily už desaťročia. Americký recept na úspech nie je univerzálny. Krajiny Európskej únie vykonali niekoľko pokusov kopírovať zásady americkej politiky v oblasti hospodárskej súťaže v oblasti mozgu do svojich právnych predpisov, mnohé z nich však zlyhali v dôsledku kultúrnych a spoločenských rozdielov. Analýza a posúdenie týchto rozdielov. 
610 2 0 |a ekonomika znalostná 
610 2 0 |a únik mozgov 
610 2 0 |a kapitál ľudský 
610 2 0 |a Európska únia 
610 2 0 |a USA 
610 2 0 |a migrácia 
610 2 0 |a zvyklosti kultúrne 
100 1 |a Puškárová, Paula, 1985-